| 000 -LEADER |
| fixed length control field |
00867nam a2200301 a 4500 |
| 001 - CONTROL NUMBER |
| control field |
017146679 |
| 003 - CONTROL NUMBER IDENTIFIER |
| control field |
UkOxU |
| 005 - DATE AND TIME OF LATEST TRANSACTION |
| control field |
20230222182233.0 |
| 008 - FIXED-LENGTH DATA ELEMENTS--GENERAL INFORMATION |
| fixed length control field |
071210r20082006enk j 000 1 eng |
| 015 ## - NATIONAL BIBLIOGRAPHY NUMBER |
| National bibliography number |
GBA7A1350 |
| Source |
bnb |
| 020 ## - INTERNATIONAL STANDARD BOOK NUMBER |
| International Standard Book Number |
9780141321424 (pbk.) : |
| 035 ## - SYSTEM CONTROL NUMBER |
| System control number |
(IeDuTC)b14965917 |
| 035 ## - SYSTEM CONTROL NUMBER |
| System control number |
(UkLCURL)08b14965917 |
| 038 ## - RECORD CONTENT LICENSOR |
| Record content licensor |
Uk |
| 040 ## - CATALOGING SOURCE |
| Original cataloging agency |
StDuBDS |
| Language of cataloging |
eng |
| Transcribing agency |
StDuBDS |
| Modifying agency |
KH8 |
| 049 ## - LOCAL HOLDINGS (OCLC) |
| Local processing data |
b |
| 082 04 - DEWEY DECIMAL CLASSIFICATION NUMBER |
| Classification number |
823.914 AHL |
| Edition number |
22 |
| 100 1# - MAIN ENTRY--PERSONAL NAME |
| Personal name |
Ahlberg, Allan. |
| Relator term |
author |
| 245 14 - TITLE STATEMENT |
| Title |
The boyhood of Burglar Bill / |
| Statement of responsibility, etc. |
Allan Ahlberg. |
| 260 ## - PUBLICATION, DISTRIBUTION, ETC. |
| Place of publication, distribution, etc. |
London : |
| Name of publisher, distributor, etc. |
Puffin, |
| Date of publication, distribution, etc. |
2008. |
| 263 ## - PROJECTED PUBLICATION DATE |
| Projected publication date |
200803 |
| 300 ## - PHYSICAL DESCRIPTION |
| Extent |
1 v. ; |
| Dimensions |
20 cm. |
| 500 ## - GENERAL NOTE |
| General note |
Originally published: 2006. |
| 650 #0 - SUBJECT ADDED ENTRY--TOPICAL TERM |
| Topical term or geographic name entry element |
Soccer |
| General subdivision |
Tournaments |
| Form subdivision |
Juvenile fiction. |
| 651 #0 - SUBJECT ADDED ENTRY--GEOGRAPHIC NAME |
| Geographic name |
Great Britain |
| General subdivision |
Social life and customs |
| Chronological subdivision |
1945- |
| Form subdivision |
Juvenile fiction. |
| 655 #0 - INDEX TERM--GENRE/FORM |
| Genre/form data or focus term |
Children's stories. |
| 942 ## - ADDED ENTRY ELEMENTS (KOHA) |
| Source of classification or shelving scheme |
|
| Koha item type |
Books - Non Ficton |